[Event "Quebec-ch Intercoll"]
[Site "Montreal"]
[Date "1992.04.17"]
[Round "2"]
[White "Bouchard, Jean Marc"]
[Black "Perusse, Charles"]
[Result "1-0"]
[WhiteElo "1807"]
[BlackElo "1558"]
[PlyCount "59"]
[EventDate "1992.04.17"]
[EventType "swiss"]
[EventRounds "6"]
[EventCountry "CAN"]
[SourceTitle "EXT 2022"]
[Source "ChessBase"]
[SourceDate "2021.10.06"]
[SourceVersion "1"]
[SourceVersionDate "2021.10.06"]
[SourceQuality "1"]

1. g3 d5 2. Bg2 c5 3. Nf3 g6 4. 0-0 Bg7 5. d3 Nf6 6. Nbd2 0-0 7. e4 d4 8. a4 Nc6 9. Nc4 Nd7 10. Ne1 Nb6 11. Nd2 a5 12. f4 e5 13. Ndf3 f5 14. Nxe5 Nxe5 15. fxe5 fxe4 16. Rxf8+ Qxf8 17. Bxe4 Bxe5 18. Qf3 Qe7 19. Qg2 Bg4 20. Bh6 Qe6 21. Nf3 Bg7 22. Bf4 Qd7 23. Ne5 Bxe5 24. Bxe5 Rf8 25. Rf1 Re8 26. Qf2 Bh3 27. Qf6 Bxf1 28. Qh8+ Kf7 29. Qg7+ Ke6 30. Qf6# 1-0